000 00861aam a2200289 i 4500
001 768714001
003 CO-MdFUSB
005 20250825144146.0
007 ta
008 250825t1967 -us |||| |||| 00| 0 eng d
040 _cCO-MdFUSB
041 0 _aeng
082 0 4 _223
_a248.844
_bM6431t
100 1 _aMiles, Herbert J. (Jackson) (1907-)
_eautor
245 1 0 _aSexual happiness in marriage :
_ba christian interpretación of sexual adjustment in marriage
_c/ Herbert J. Miles
264 1 _bZondervan Publishing House,
_aGrand Rapids, MI., USA :
_c[1967]
264 4 _c©1967
300 _a160 páginas
336 _atexto
_btxt
_2rdacontent
337 _2rdamedia
_asin mediación
_bn
338 _2rdacarrier
_avolumen
_bnc
563 _aRústico
653 _aSexo en el matrimonio
942 _cBK
945 _aJTF-925
999 _c32751
_d32751